000 00342nam a2200169Ia 4500
100 _aCordeiro/C.M
650 _aSensor
942 _cBK
366 _f25
654 _asensor
245 _aAd Hoc and sensor network
260 _bWorld Scientific
_c2006
082 _a4.6
_bCOR
300 _a641
546 _aENGLISH
_cTTL
999 _c26780
_d26780